Reasonable preference in social housing (Record no. 112468)

MARC details
000 -LEADER
fixed length control field 01080cad a22002295a 4500
001 - CONTROL NUMBER
control field E153315
008 - FIXED-LENGTH DATA ELEMENTS--GENERAL INFORMATION
fixed length control field 110711s2011 xxk f 000 0 eng d
020 ## - INTERNATIONAL STANDARD BOOK NUMBER
International Standard Book Number 9781780452722
022 1# - INTERNATIONAL STANDARD SERIAL NUMBER
International Standard Serial Number 2045-6964
035 ## - SYSTEM CONTROL NUMBER
System control number (Sirsi) u153315
041 0# - LANGUAGE CODE
Language code of text/sound track or separate title eng
100 1# - MAIN ENTRY--PERSONAL NAME
Personal name Bretherton, Joanne
245 00 - TITLE STATEMENT
Title Reasonable preference in social housing
Medium [electronic resource]
300 ## - PHYSICAL DESCRIPTION
Extent Edinburgh
Other physical details Scottish Government
Dimensions 2011
520 ## - SUMMARY, ETC.
Summary, etc. Considers the concept of "reasonable preference" which is used by social landlords in the allocation of housing. "Reasonable preference" can be given to those who are at risk of homelessness, who have large familities, or whose current accommodation is not of a reasonable standard. Looks at whether these considerations reflect current needs.
590 ## - LOCAL NOTE (RLIN)
Local note KA
651 #4 - SUBJECT ADDED ENTRY--GEOGRAPHIC NAME
Geographic name Scotland
Chronological subdivision 1999-
690 ## - LOCAL SUBJECT ADDED ENTRY--TOPICAL TERM (OCLC, RLIN)
Topical term or geographic name as entry element PROPERTY-RESIDENTIAL PROPERTY-DOMESTIC RESIDENTIAL PROPERTY-HOUSING
700 1# - ADDED ENTRY--PERSONAL NAME
Personal name Pleace, Nicholas
856 40 - ELECTRONIC LOCATION AND ACCESS
Uniform Resource Identifier <a href="https://www.scotland.gov.uk/Publications/2011/07/04145632/0">https://www.scotland.gov.uk/Publications/2011/07/04145632/0</a>
Public note View the item free of charge at www.scotland.gov.uk
942 ## - ADDED ENTRY ELEMENTS (KOHA)
Suppress in OPAC 0
Holdings
Withdrawn status Lost status Source of classification or shelving scheme Damaged status Not for loan Home library Current library Shelving location Date acquired Total Checkouts Full call number Barcode Date last seen Copy number Price effective from Koha item type
    Dewey Decimal Classification     Virtual Virtual Online 11/07/2011   ONLINE PUBLICATION 153315-2001 06/08/2019 1 06/08/2019 Book